Pulviscoli : 2469 disegni di Alessandro Mendini per la Collezione Permanente del Design Italiano = Pulviscoli : 2469 Drawings of Alessandro Mendini for the Permanent Collection of Italian Design /
Alessandro Mendini (Milán, 1931), arquitecto, escritor y pintor italiano. Socio de la firma Nizzoli Associati hasta 1970. Miembro fundador de la Escuela Libre para la Creatividad Individual, Global Tools. Editor de Casabella (1970-1976), Modo (1977-1981), Domus (1979-1985). Fundador de Studio Alchim...
Guardat en:
| Autor principal: | |
|---|---|
| Altres autors: | , , , , |
| Format: | Llibre |
| Idioma: | anglès |
| Publicat: |
Milán, Italia :
Charta,
2005, c2005
|
| Col·lecció: | (La Triennale di Milano, Collezione Permanente del Design Italiano)
|
| Matèries: | |
| Etiquetes: |
Sense etiquetes, Sigues el primer a etiquetar aquest registre!
|
MARC
| LEADER | 00000nam^a2200000^a^4500 | ||
|---|---|---|---|
| 001 | 000183567 | ||
| 005 | 20250521000000.0 | ||
| 009 | 20260310102044.821 | ||
| 020 | |a 88-8158-538-3 | ||
| 037 | |a Acervo ITESO - Biblioteca | ||
| 041 | |a ING | ||
| 082 | |a 741. 945092 |b MEN ANN | ||
| 100 | |a Mendini, Alessandro |e (autor) | ||
| 245 | 1 | 0 | |a Pulviscoli : |b 2469 disegni di Alessandro Mendini per la Collezione Permanente del Design Italiano = Pulviscoli : 2469 Drawings of Alessandro Mendini for the Permanent Collection of Italian Design / |c A. Mendini ; ed y coord. de S. Annicchiarico ; curaduría de B. Finessi, Loredana Parmesani ; diseño de M. Caiazzo ; tr. por Judith Mundell. |
| 264 | 4 | |a Milán, Italia : |b Charta, |c 2005, c2005 | |
| 300 | |a 486 p. + |e 1 disco compacto sonoro | ||
| 336 | |a texto |b txt |2 rdacontenido | ||
| 337 | |a sin mediación |b n |2 rdamedio | ||
| 338 | |a volumen |b nc |2 rdasoporte | ||
| 440 | 4 | |a (La Triennale di Milano, Collezione Permanente del Design Italiano) | |
| 520 | |a Alessandro Mendini (Milán, 1931), arquitecto, escritor y pintor italiano. Socio de la firma Nizzoli Associati hasta 1970. Miembro fundador de la Escuela Libre para la Creatividad Individual, Global Tools. Editor de Casabella (1970-1976), Modo (1977-1981), Domus (1979-1985). Fundador de Studio Alchimia, movimiento cultural que marca un nuevo estándar en el diseño; consultor de imagen y diseño para anfitriones de fabricantes. Además del diseño arquitectónico y de muebles, ha organizado múltiples exhibiciones y seminarios en Italia y en el extranjero; es autor de varios libros de diseño, entre los que se cuentan Paesaggio casalingo; Architettura addio; Il progetto infelice), así como de ensayos y críticas que se publican en diarios internaciones de comercio. Parte de su obra plástica se encuentra en varios museos y colecciones internacionales, y forma parte de la colección permanente de los museos de Arte Moderno y Metropolitano de Nueva York, el Centro Pompidou de París; entre sus proyectos arquitectónicos se cuentan el Teatro de Arezzo, la torre cívica en Gibelina, Sicilia, una torre en Hiroshima, el Museo Groningen en Holanda. Ha sido reconocido con el Compás de Oro para Diseño. Es famoso por considerar cada proyecto, arquitectónico o mobiliario, con particular interés y pasión, como un objeto artístico único, como un plan teórico; en cada obra recobra el valor expresivo de la decoración, fundamento de su pintura. Este libro ofrece el catálogo de la exposición de 2469 dibujos suyo en el Palazzo della Triennale, en Milán, de marzo a julio de 2005; se acompaña con un disco compacto con textos suyos y música del Collective Intelligence. | ||
| 546 | |a Edición bilingüe inglés-italiano | ||
| 649 | |a XX | ||
| 650 | |a Dibujo - |z Italia - |x Historia - |y Siglo XX | ||
| 650 | |a Dibujo - |z Italia - |x Historia y Crítica | ||
| 650 | |a Pintura Italiana - |y Siglo XX | ||
| 650 | |a Pintura Italiana - |x Exposiciones | ||
| 650 | |a Pintura Italiana - |x Catálogos | ||
| 650 | |a Arte Italiano - |y Siglo XX | ||
| 650 | |a Arte Italiano - |x Exposiciones | ||
| 650 | |a Arte Italiano - |x Exposiciones | ||
| 650 | |a Museos y Galerías - |z Milán, Italia - |x Exposiciones | ||
| 650 | |a Museos y Galerías - |z Milán, Italia - |x Catálogos | ||
| 650 | |a Mendini, Alessandro | ||
| 740 | 3 | |a Il Suono dei Pulviscoli / |c A. Mendini ; música de Collective Intelligence. | |
| 700 | |a Annicchiarico, Silvana |e (edición y coordinación) | ||
| 700 | |a Finessi, Beppe |e (curaduría) | ||
| 700 | |a Parmesani, Loredana |e (curaduría) | ||
| 700 | |a Caiazzo, Massimo |e (diseño) | ||
| 700 | |a Collective Intelligence |e (música) | ||
| 910 | |a Fondo General | ||
| 920 | |a Impresos - Libros | ||
| 930 | |a Reserva Especial | ||
| 905 | |a 103 | ||
| 901 | |a 0500124131 |b IT1 |c REE |u 20250521 | ||
| 901 | |a 0500124111 |b IT2 |c CDM |u 20250521 | ||
| 902 | |a https://opac.biblio.iteso.mx/vufind/Record/000183567 | ||